000 00206 a2200097 4500
001 13614
100 _aWoolf L
245 _aQuack Quack!
260 _aLondon
_bLeonard & Virginia
_c
090 _c10612
_d10612
942 _aNUST-CAE
_cM
_c684
999 _c248687
_d248687